| 000 | 00425nab a2200145Ia 4500 | ||
|---|---|---|---|
| 003 | ES-SlBCS | ||
| 005 | 20210601140204.0 | ||
| 008 | 140529s1964 xxu||||| |||| 00| 0 spa d | ||
| 041 | _aspa | ||
| 100 | 1 |
_aPeña, Alfonso de la _9242165 |
|
| 245 | 0 | 0 |
_aMedicina y enseñanza _c Alfonso de la Peña |
| 650 | 0 | 4 |
_aMedicina _914377 |
| 773 | 0 |
_tCuadernos Hispanoamericanos _gnº. 175-176, 1964, págs. 153-170 _wRev1135 |
|
| 942 | _cAR | ||
| 999 |
_c640733 _d640733 |
||